000 00559 a2200217 4500
005 20260417115243.0
008 260416b |||||||| |||| 00| 0 eng d
020 _a9781433836473
_c$ 79.99
040 _aMAIN
082 _a158.3
_bG283C(4)
100 _aGelso, Charles J
245 _aCounseling psychology
250 _a4th
260 _bAmerican Psychological Association
_c2022
_aWashington
300 _axi, 560
650 _aPsychology
650 _aCounselling
650 _aPsychotherapy
700 _aWillams, Elizabeth Nutt
942 _cBK
999 _c396749
_d396749